| 000 | 02897nam a22005055i 4500 | ||
|---|---|---|---|
| 001 | 978-3-031-51667-2 | ||
| 003 | DE-He213 | ||
| 005 | 20250103112334.0 | ||
| 007 | cr nn 008mamaa | ||
| 008 | 240125s2024 sz | s |||| 0|eng d | ||
| 020 |
_a9783031516672 _9978-3-031-51667-2 |
||
| 024 |
_a10.1007/978-3-031-51667-2 _2doi |
||
| 050 | _aTJ1-1570 | ||
| 072 |
_aTRL _2bicssc |
||
| 072 |
_aTRA006000 _2bisacsh |
||
| 072 |
_aTRL _2thema |
||
| 082 |
_a623.8 _223 |
||
| 100 |
_aKarkori, Fidaa. _eauthor. _0(orcid)0009-0005-5299-3782 _1https://orcid.org/0009-0005-5299-3782 _4aut _4http://id.loc.gov/vocabulary/relators/aut |
||
| 245 |
_aShip Sanitation, Health and Hygiene _h[electronic resource] : _bAn Approach to Better Welfare for Modern Seafarers / _cby Fidaa Karkori. |
||
| 250 | _a1st ed. 2024. | ||
| 260 |
_aCham : _bSpringer Nature Switzerland : _bImprint: Springer, _c2024. |
||
| 300 |
_aXXXIII, 381 p. 63 illus., 58 illus. in color. _bonline resource. |
||
| 336 |
_atext _btxt _2rdacontent |
||
| 337 |
_acomputer _bc _2rdamedia |
||
| 338 |
_aonline resource _bcr _2rdacarrier |
||
| 347 |
_atext file _bPDF _2rda |
||
| 490 |
_aSynthesis Lectures on Ocean Systems Engineering, _x2692-4471 |
||
| 505 | _aPart 1: Context of Health and Safety in the Maritime Environment -- General duties and responsibilities for crew safety, health and welfare on ships -- Health and safety and the maritime environment -- Shipboard emergencies and emergency equipment -- Health and safety during the carriage of dangerous goods -- Means of access, safe movement, and enclosed spaces -- Manual handling, tools, and deck maintenance -- Working in dangerous conditions -- Part 2: Healthy Living at Sea -- Importance of good health and hygiene on ships -- Water management practices for ships -- Water safety planning. | ||
| 520 | _aThis book has been written to account for improvements in the regulatory regime for shipboard health, safety and welfare. It considers the various regulations and statutory requirements for sanitation, the provision of potable and non-drinkable water, food and provisions, disease and infectious transfer, management of vectors and general health and safety onboard modern merchant and cruise ships. | ||
| 650 | _aMarine engineering. | ||
| 650 | _aOccupational health services. | ||
| 650 | _aShipping. | ||
| 650 | _aMarine Engineering. | ||
| 650 | _aOccupational Health. | ||
| 650 | _aMaritime Economics. | ||
| 710 | _aSpringerLink (Online service) | ||
| 773 | _tSpringer Nature eBook | ||
| 776 |
_iPrinted edition: _z9783031516665 |
||
| 776 |
_iPrinted edition: _z9783031516689 |
||
| 776 |
_iPrinted edition: _z9783031516696 |
||
| 830 |
_aSynthesis Lectures on Ocean Systems Engineering, _x2692-4471 |
||
| 856 | _uhttps://doi.org/10.1007/978-3-031-51667-2 | ||
| 912 | _aZDB-2-SXSC | ||
| 999 |
_c12662 _d12662 |
||